<?xml version="1.0" encoding="UTF-8"?>
<collection xmlns="http://www.loc.gov/MARC21/slim">
 <record>
  <leader>01642nam a2200229Ia 4500</leader>
  <controlfield tag="001">CTU_163418</controlfield>
  <controlfield tag="008">210402s9999    xx            000 0 und d</controlfield>
  <datafield tag="082" ind1=" " ind2=" ">
   <subfield code="a">632.96</subfield>
  </datafield>
  <datafield tag="082" ind1=" " ind2=" ">
   <subfield code="b">Đ455</subfield>
  </datafield>
  <datafield tag="088" ind1=" " ind2=" ">
   <subfield code="a">60620112</subfield>
  </datafield>
  <datafield tag="100" ind1=" " ind2=" ">
   <subfield code="a">Trần, Thị Kim Đông</subfield>
  </datafield>
  <datafield tag="245" ind1=" " ind2="0">
   <subfield code="a">Phân lập và đánh giá khả năng đối kháng của các chủng vi khuẩn vùng rể đối với một số nấm Collectotrichum lagenarium, Didymella bryoneae, Furaium oxysporum f.sp. niveum, Phytophthora capsici gây bệnh quan trọng trên cây dưa hấu (Citrullus lanatus) trong điều kiện phòng thí nghiệm :</subfield>
  </datafield>
  <datafield tag="245" ind1=" " ind2="0">
   <subfield code="b">Luận văn thạc sĩ. Chuyên ngành: Bảo vệ thực vật</subfield>
  </datafield>
  <datafield tag="245" ind1=" " ind2="0">
   <subfield code="c">Trần Thị Kim Đông ; Nguyễn Thị Thu Nga (Hướng dẫn khoa học)</subfield>
  </datafield>
  <datafield tag="260" ind1=" " ind2=" ">
   <subfield code="a">Trường Đại học Cần Thơ</subfield>
  </datafield>
  <datafield tag="260" ind1=" " ind2=" ">
   <subfield code="b">Cần Thơ</subfield>
  </datafield>
  <datafield tag="260" ind1=" " ind2=" ">
   <subfield code="c">2010</subfield>
  </datafield>
  <datafield tag="520" ind1=" " ind2=" ">
   <subfield code="a">Luận văn nhằm khảo sát khả năng đối kháng cao và khả năng ức chế sự nảy mầm của bào tử của các chủng vi khuẩn vùng rễ đối với 4 loại nấm gây bệnh quan trọng trên cây dưa hấu trong điều kiện in vitro từ đó phục vụ nghiên cứu phòng trị sinh học về sau.</subfield>
  </datafield>
  <datafield tag="650" ind1=" " ind2=" ">
   <subfield code="a">Fungal diseases of plants,Agricultural pests,Watermelons,Nấm bệnh cây trồng,Sâu bệnh nông nghiệp,Dưa hấu</subfield>
  </datafield>
  <datafield tag="650" ind1=" " ind2=" ">
   <subfield code="x">Biological control,Kiểm soát sinh học</subfield>
  </datafield>
  <datafield tag="904" ind1=" " ind2=" ">
   <subfield code="i">Năm</subfield>
  </datafield>
  <datafield tag="980" ind1=" " ind2=" ">
   <subfield code="a">Trung tâm Học liệu Trường Đại học Cần Thơ</subfield>
  </datafield>
 </record>
</collection>
